000 00817nam a22002417a 4500
005 20190716123944.0
008 190716b xxu||||| |||| 00| 0 eng d
020 _a9788189059545
_cRs 350
040 _beng
041 _aEnglish
082 _a305.5122
_bAMB-ZEL
100 _aZelliot, Eleanor
_d1926-2016
245 _aAmbedkar's world.
_bThe making of Babasaheb and the Dalit movement
_cEleanor Zelliot
260 _aNew Delhi
_bNavayana Publishing Pvt. Ltd.
_c2013
300 _a303p
_b21 cm
500 _aAn earlier edition was published as Dr Babasaheb Ambedkar and the untouchable movement by Blumoon Books in 2004
504 _aIncludes bibliography and index
600 _aAmbedkar, Bhimrao Ramji
_d1891-1956
650 _aDalit movement
650 _aMahar movement
850 _aLCLIB
942 _cBK
999 _c42258
_d92737